=LDR 00000nam 2200000 4500 =001 INLIS000000000045169 =005 20251022123641 =035 ##$$a 0010-121400000000319 =008 251022################g##########0#ind## =040 ##$$a NBPDMAT =082 ##$$a 595.7 =090 ##$$a 595.7 Nov m =100 ##$$a NOVIE E Bt =245 1#$$a Mengamati serangga di sekitar kita /$c Novie E. Bt =250 ##$$a Cet. 1 =260 ##$$a Jakarta :$b Wahana Ilmu,$c 2000 =300 ##$$a 3 Jilid. : $b ilus ; $c 15 x 21 cm =500 ##$$a Yang di terima jilid 1, 2 dan 3 =650 #4$$a Serangga =700 #$$a Judul =850 ##$$a NBPDMAT =084 ##$$a 595.7 NOV m =990 ##$$a 21418422 =990 ##$$a 21418423 =990 ##$$a 21418424 =990 ##$$a 21418425 =990 ##$$a 21418426 =990 ##$$a 21418427 =990 ##$$a 21418429 =990 ##$$a 21418430 =990 ##$$a 21418431 =990 ##$$a 21418428 =990 ##$$a 21418432 =990 ##$$a 21418433 =990 ##$$a 21418434 =990 ##$$a 21418435 =990 ##$$a 21418436 =990 ##$$a 21418433 =990 ##$$a 21418422 =990 ##$$a 21418423 =990 ##$$a 21418424 =990 ##$$a 21418425 =990 ##$$a 21418426 =990 ##$$a 21418427 =990 ##$$a 21418429 =990 ##$$a 21418430 =990 ##$$a 21418431 =990 ##$$a 21418428 =990 ##$$a 21418432 =990 ##$$a 21418434 =990 ##$$a 21418435 =990 ##$$a 21418436